000 01019nam a22002297a 4500
005 20120105144717.0
010 _aB-470228-229
020 _a9788171675128
_c70.00
035 _aB-470228-229
037 _bBlue Berry/Ven
082 _aS
100 _aBond, Ruskin
_954218
245 _aThe Angry river /
_cby Ruskin Bond; illustrated by Trevor Stubley
260 _aNew Delhi
_bRupa Publications
_c2011
270 _a7/16, Ansari Road, Daryaganj
_bNew Delhi
_e110002
300 _a87p.
_bill.
_c18cm(pbk)
700 _a Stubley, Trevor
_938383
942 _2ddc
_cCH
_mBON
_hS
999 _c60383
_d60383